| 000 | 00411nam a2200169Ia 4500 | ||
|---|---|---|---|
| 008 | 260520s2018 xx 000 0 und d | ||
| 020 | _a978-93-87472-13-6 | ||
| 041 | _aeng | ||
| 082 | _a596.146/PAN | ||
| 100 | _aPandey, B N | ||
| 245 | _aBiology of Chordate | ||
| 250 | _a1st ed | ||
| 260 |
_aDELHI _bPhi Learning PRIVATE LTD _c2018 |
||
| 300 | _a610p. | ||
| 500 | _aCat No: 15018 | ||
| 650 | _aZOOLOGY | ||
| 999 |
_c1221824 _d1221824 |
||